002220000a220007300045001000019000002450038000193000045000577730046001021 aLyall, Francis10aMethaphors, legal and theological aVol. 10, Num. 2 (1992), Páginas 94-1120 tScottish Bulletin of Evangelical Theology